Quiz sur les capitales d'Europe - Statistiques

Statistiques générales
  • Ce quiz a été pris 129 fois
  • Le résultat moyen est 34 sur 49
Statistiques - réponses
Hint Réponse % Correct
France Paris
93%
Belgique Bruxelles
92%
Espagne Madrid
92%
Russie Moscou
91%
Pays-Bas Amsterdam
90%
Allemagne Berlin
90%
Monaco Monaco
90%
Italie Rome
90%
Royaume-Uni Londres
89%
Portugal Lisbonne
88%
Luxembourg Luxembourg
88%
Grèce Athènes
86%
Ukraine Kiev
86%
Saint-Marin Saint-Marin
86%
Andorre Andorre-la-Vieille
85%
Danemark Copenhague
85%
Irlande Dublin
85%
Suisse Berne
84%
Vatican Vatican
84%
Norvège Oslo
83%
Suède Stockholm
83%
Finlande Helsinki
80%
Autriche Vienne
79%
Pologne Varsovie
77%
Islande Reykjavik
76%
Croatie Zagreb
72%
République Tchèque Prague
71%
Malte La Valette
67%
Roumanie Bucarest
64%
Bulgarie Sofia
63%
Hongrie Budapest
62%
Azerbaïdjan Bakou
58%
Estonie Talinn
57%
Slovénie Ljubjana
54%
Chypre Nicosie
54%
Bosnie-Herzégovine Sarajevo
54%
Bélarus Minsk
53%
Liechtenstein Vaduz
52%
Arménie Erevan
51%
Albanie Tirana
51%
Slovaquie Bratislava
48%
Lituanie Vilnius
47%
Lettonie Riga
46%
Moldavie Chisinau
45%
Serbie Belgrade
42%
Monténégro Podgorica
42%
Géorgie Tbilissi
41%
Kosovo Pristina
40%
République de Macédoine du Nord Skopje
40%
Aucun quiz correspondant
Distribution des résultats
% des personnes avec chaque résultat
Percentile par nombre de réponses
Votre historique - résultats
Vous n’avez pas pris ce quiz